000 00873nmm a2200253 a 4500
001 ocm000701149
003 TR-IsHL
005 20201028125233.0
008 110704s1970 tu tur
007 cr cn
035 _a701149
_b(N$T)
050 0 4 _aHF328.T9
_bB56 1970
090 0 4 _aHF328.T9
_bB56 1970
245 1 0 _a1970 bütçesi Finansman Kanunu tasarısı hakkındaki görüşlerimiz
_h[electronic resource]
250 _a1. bs.
260 _aİstanbul :
_bİstanbul Ticaret Odası,
_c1970
300 _a26 p.
650 4 _aHukuk
650 4 _aLaw
650 0 _aİstanbul Ticaret Odası
_x Ekonomik görüşleri
650 0 _aIstanbul Chamber of Commerce
_x Economic views
650 7 _aBUSINESS & ECONOMICS / Corporate & Business History
_2bisacsh
856 4 0 _uhttp://search.ebscohost.com/login.aspx?direct=true&scope=site&db=e011xww&AN=701149
999 _c3375
_d3375